000 00823nam a22002537a 4500
999 _c10724
_d10724
003 AR-CdUCM
008 190401b ||||| |||| 00| 0 spa d
040 _aMUNICIPALIDAD PROVINCIAL DEL CUSCO
_cBIBLIOTECA MUNICIPAL DEL CUSCO
041 _hfre
082 _a848.9 /
_bR79C / 1920
100 _aRolland, Romain
_910292
245 _aClerambault :
_bHistoria de una conciencia libre durante la guerra /
260 _aBuenos Aires :
_bPax,
_c1920.
300 _a285 páginas ;
_c18 cm.
505 _aContenido: Novela.
650 _aNovelas históricas españolas
_927720
650 _aNovelas Francesas
_9571
650 _aGuerra Mundial, 1914-1918
_927721
650 _aSiglo XX
_98
700 _aGálvez, Manuel
_97711
700 _aGiusti, Roberto F. (traductores)
_927722
942 _2ddc
_cLIBROS
945 _aachl